[Event "Titled Tuesday intern op 13th Sep Late"]
[Site "Chess.com INT"]
[Date "2022.09.13"]
[Round "9"]
[White "Bauer, Thomas"]
[Black "Vargas, Mauricio"]
[Result "1-0"]
[WhiteElo "2200"]
[BlackElo "2125"]
[PlyCount "59"]
[EventDate "2022.09.13"]
[EventType "swiss (blitz)"]
[EventRounds "11"]
[EventCountry "USA"]
[SourceTitle "EXT 2023"]
[Source "ChessBase"]
[SourceDate "2022.10.05"]
[SourceVersion "1"]
[SourceVersionDate "2022.10.05"]
[SourceQuality "1"]

1. e4 d5 2. exd5 Qxd5 3. Nf3 Nf6 4. d4 c6 5. c4 Qa5+ 6. Nc3 Bg4 7. Be2 e6 8. Qb3 Qc7 9. Bf4 Bd6 10. Bxd6 Qxd6 11. Qxb7 0-0 12. Qxa8 Qc7 13. Ne5 Bxe2 14. Kxe2 Nfd7 15. Nb5 cxb5 16. Qe4 bxc4 17. Rhc1 Nxe5 18. dxe5 Rd8 19. Rxc4 Qb6 20. Rd1 Qxb2+ 21. Rc2 Qb5+ 22. Ke1 Rxd1+ 23. Kxd1 Qf1+ 24. Qe1 Qd3+ 25. Kc1 Qa3+ 26. Kb1 Nd7 27. Rc8+ Nf8 28. Qc3 Qa6 29. Qc5 Qb7+ 30. Kc1 1-0

[Event "Titled Tuesday intern op 13th Sep Late"]
[Site "Chess.com INT"]
[Date "2022.09.13"]
[Round "11"]
[White "Pinero Rodriguez, Carlos Jose"]
[Black "Bauer, Thomas"]
[Result "0-1"]
[WhiteElo "2246"]
[BlackElo "2200"]
[PlyCount "40"]
[EventDate "2022.09.13"]
[EventType "swiss (blitz)"]
[EventRounds "11"]
[EventCountry "USA"]
[SourceTitle "EXT 2023"]
[Source "ChessBase"]
[SourceDate "2022.10.05"]
[SourceVersion "1"]
[SourceVersionDate "2022.10.05"]
[SourceQuality "1"]

1. e4 e5 2. Nf3 Nc6 3. Bc4 Nf6 4. Qe2 h6 5. c3 g6 6. 0-0 Bg7 7. d4 d6 8. dxe5 dxe5 9. Rd1 Qe7 10. a4 0-0 11. b3 Rd8 12. Nbd2 Nh5 13. Ba3 Qf6 14. Qe3 Nf4 15. Nf1 Bg4 16. Ng3 Na5 17. Rxd8+ Rxd8 18. Qxa7 Nxc4 19. bxc4 Nxg2 20. Kxg2 Qxf3+ 0-1

[Event "Titled Tuesday intern op 30th Aug Late"]
[Site "Chess.com INT"]
[Date "2022.08.30"]
[Round "10"]
[White "Bauer, Thomas"]
[Black "Gabdushev, Ruslan"]
[Result "1-0"]
[WhiteElo "2190"]
[BlackElo "2256"]
[PlyCount "57"]
[EventDate "2022.08.30"]
[EventType "swiss (blitz)"]
[EventRounds "11"]
[EventCountry "USA"]
[SourceTitle "EXT 2023"]
[Source "ChessBase"]
[SourceDate "2022.10.05"]
[SourceVersion "1"]
[SourceVersionDate "2022.10.05"]
[SourceQuality "1"]

1. e4 Nc6 2. Nf3 d6 3. Bb5 a6 4. Ba4 b5 5. Bb3 e6 6. c3 Nf6 7. Qe2 Na5 8. Bc2 Bb7 9. 0-0 Be7 10. Rd1 0-0 11. d4 Qb8 12. Bf4 Nd7 13. Nbd2 h6 14. Rac1 Qa7 15. b4 Nc6 16. d5 Nd8 17. Bb3 e5 18. Be3 Qb8 19. Nf1 a5 20. a3 axb4 21. cxb4 c6 22. Qb2 c5 23. bxc5 Nxc5 24. Bxc5 dxc5 25. Nxe5 Bf6 26. f4 c4 27. Ba2 Re8 28. Qxb5 Bxe5 29. Qxe8+ 1-0

[Event "AUT-ch"]
[Site "Vienna"]
[Date "2022.08.19"]
[Round "9"]
[White "Miazhynski, Michael"]
[Black "Bauer, Thomas"]
[Result "1-0"]
[WhiteElo "2036"]
[BlackElo "2190"]
[PlyCount "81"]
[EventDate "2022.08.12"]
[EventType "swiss"]
[EventRounds "9"]
[EventCountry "AUT"]
[SourceTitle "CBM 209 Extra"]
[Source "ChessBase"]
[SourceDate "2022.09.30"]
[SourceVersion "1"]
[SourceVersionDate "2022.09.30"]
[SourceQuality "1"]

1. e4 c5 2. Nf3 e6 3. c3 Nf6 4. e5 Nd5 5. d4 cxd4 6. cxd4 d6 7. a3 Be7 8. Bd3 b6 9. 0-0 0-0 10. Re1 Ba6 11. Be4 Nd7 12. Bxd5 exd5 13. Nc3 Bb7 14. Qb3 dxe5 15. Nxd5 e4 16. Nxe7+ Qxe7 17. Ng5 Rad8 18. f3 Nf6 19. Bd2 Qd7 20. Bb4 Qb5 21. Qe3 exf3 22. Nxf3 Rfe8 23. Qf4 h6 24. Re5 Qd3 25. Rae1 Rxe5 26. dxe5 Nd5 27. Qe4 Nxb4 28. Qxb7 Nc2 29. Rf1 Ne3 30. Re1 Nc2 31. Rf1 Qe3+ 32. Kh1 Qe2 33. Rg1 g6 34. e6 Qxe6 35. Qc7 Rc8 36. Qxa7 Qe3 37. Qd7 Re8 38. Rd1 Re6 39. Qc8+ Kh7 40. Qxc2 Rf6 41. Rf1 1-0

[Event "AUT-ch"]
[Site "Vienna"]
[Date "2022.08.16"]
[Round "6"]
[White "Bauer, Thomas"]
[Black "Borrmann, Laurenz"]
[Result "1-0"]
[WhiteElo "2190"]
[BlackElo "2294"]
[PlyCount "71"]
[EventDate "2022.08.12"]
[EventType "swiss"]
[EventRounds "9"]
[EventCountry "AUT"]
[SourceTitle "CBM 209 Extra"]
[Source "ChessBase"]
[SourceDate "2022.09.30"]
[SourceVersion "1"]
[SourceVersionDate "2022.09.30"]
[SourceQuality "1"]

1. e4 c6 2. Nc3 d5 3. Nf3 dxe4 4. Nxe4 Nf6 5. Nxf6+ exf6 6. Bc4 Bd6 7. Qe2+ Be7 8. 0-0 0-0 9. Re1 Bd6 10. h3 Na6 11. Bxa6 bxa6 12. d3 Bf5 13. Be3 Re8 14. Qd2 Qc7 15. Qc3 c5 16. Qc4 Qb6 17. b3 Be6 18. Qh4 Bd5 19. Qg4 Qb4 20. c4 Bc6 21. Rad1 Rad8 22. Re2 Bd7 23. Qh5 Qc3 24. d4 Bc6 25. d5 Bd7 26. Ree1 Re4 27. Bd2 Rxe1+ 28. Rxe1 Qc2 29. Ba5 Rb8 30. Nd2 Qxa2 31. Bc3 Re8 32. Rxe8+ Bxe8 33. Qf5 Qa3 34. Qc2 Bd7 35. Nb1 Bf5 36. Nxa3 1-0